000
00253nam a22001097a 4500
008
160518b xxu||||| |||| 00| 0 eng d
020
_a
0805334971
041
_a
eng
080
_a
61
245
_a
Clinical companion;
_c
Kozier; erb; Blais;
942
_2
udc
_c
BK
999
_c
2198
_d
2198